| 000 | 04285nab a2200373 i 4500 | ||
|---|---|---|---|
| 003 | BR-BrBNA | ||
| 005 | 20251223135955.0 | ||
| 008 | 251223b2021 bl.|r|poo|||| 00| 0 eng | | ||
| 040 |
_aBR-BrBNA _beng |
||
| 072 |
_aF61 _b1190 |
||
| 072 | _aF04 | ||
| 100 | _aCoelho, Anapaula de Paula Cidade | ||
| 100 | _aMarrocos, Paulo Cesar Lima | ||
| 100 | _aMielke, Marcelo Schramm | ||
| 100 | _aSantos, Martielly Santana dos | ||
| 100 | _aGallo, Cibele Merched | ||
| 100 | _aGross, Eduardo | ||
| 245 | _aSubstrate for cupuaçu plantlets and the influence of cow urine as biofertilizer | ||
| 500 | _a Publicação online; 47 ref.; 4 tables; Summaries (En, Pt) | ||
| 520 | _a Abstract - The use of organic waste as components of substrate to produce fruit plantlets provides alternative materials, easily available and low cost. The aim of this work was to evaluate the effect of substrate and biofertilization with cow urine on the growth of cupuaçu plants (Theobroma grandiflorum) in an organic production system. A factorial experiment was conducted in a completely randomized design with 12 replications including four types of substrates (base mixture; base mixture + coconut fiber; base mixture + cocoa shell and base mixture + sand) with or without biofertilizer application totalizing 96 experimental units. Substrate and biofertilizer influenced the gas exchange and growth of T. grandiflorum plants. The interaction between these two factors significantly affected the dry matter, relative growth rate, net photosynthetic rate, and content of P, K and Mn in the leaves. Each factor, substrate and of cow urine application, independently, influenced the chlorophyll index, the leaf area, diameter, and height of the cupuaçu plants and the contents of N, Ca, Mg, Zn, Fe and Cu in the leaves. The base mixture substrate (composed by soil and organic compost) and fertilization with 1% of cow urine can be indicated to T. grandiflorum plantlets organic production. Index terms: Nutrient content, Gas exchange, Growth rate, Organic fertilization; Theobroma grandiflorum. | ||
| 520 | _a Resumo – A utilização de resíduos orgânicos como componentes de substrato para a produção de mudas de frutíferas provê materiais alternativos de fácil disponibilidade e de baixo custo. O objetivo deste trabalho foi avaliar o efeito do substrato e da biofertilização com urina de vaca no crescimento do cupuaçuzeiro (Theobroma grandiflorum), em sistema de produção orgânico. Foi conduzido um experimento fatorial em delineamento inteiramente casualizado, com 12 repetições, incluindo quatro tipos de substrato (mistura-base; mistura-base + fibra de coco; mistura-base + casca de cacau e mistura-base + areia), com ou sem aplicação de biofertilizante, totalizando 96 unidades experimentais. O substrato e o biofertilizante influenciaram as trocas gasosas e o crescimento das plantas de T. grandiflorum. A interação entre os dois fatores afetou significativamente a matéria seca, a taxa de crescimento relativo, a taxa fotossintética líquida e o conteúdo de P, K e Mn nas folhas. De forma independente, os fatores substrato e aplicação de urina de vaca influenciaram o índice de clorofila, a área foliar, o diâmetro e a altura das plantas de cupuaçu e os teores de N, Ca, Mg, Zn, Fe e Cu na parte aérea. A mistura-base do substrato (formada por solo e composto orgânico) e a fertilização com 1% de urina de vaca podem ser indicadas para a produção orgânica de mudas de T. grandiflorum. Termos para indexação: Conteúdo de nutrientes, Trocas gasosas foliares, Taxa de crescimento, Fertilização orgânica; Theobroma grandiflorum. | ||
| 650 | _aCUPUAÇU | ||
| 650 | _aMUDA | ||
| 650 | _aCRESCIMENTO | ||
| 650 | _aFOLHA | ||
| 650 | _aTROCA GASOSA | ||
| 650 | _aSUBSTRATO DE CULTURA | ||
| 650 | _aBIOFERTILIZANTE | ||
| 650 | _aPRODUÇÃO ORGÂNICA | ||
| 773 | 0 |
_0805 _9317053 _dJaboticabal-SP Sociedade Brasileira de Fruticultura 1978 _o2024-3615 _tRevista Brasileira de Fruticultura (Brazil) _x0100-2945 _gv. 43(4) p. 1-10; (2021) _wBR2025004821 |
|
| 856 | _uhttps://www.scielo.br/j/rbf/a/rKPwxDPfCkHmYMjfs9qyftd/?format=pdf&lang=en | ||
| 942 | _cANA | ||
| 999 |
_c339556 _d339556 |
||